000 00522nam a2200193Ia 4500
005 20250326145200.0
008 250326s9999 xx 000 0 und d
037 _aTextbook
040 _aFMSL
_beng
_cFMSL
041 _aeng
_2eng
084 _aXM8 Q1
_qFMSL
100 _aHaghirian P
_9750750
245 0 _aMultinationals and cross-cultrural management
_cHaghirian P
260 _aNY
_bNY, Routledge
_c2010
365 _b6615
650 _aManagement
942 _cTB
_hXM8 Q1
999 _c1306666
_d1306666